000 004380000a22001690004500
041 0 _aENG
082 0 4 _aG 284 N7362p
100 1 _aNixon, Justin Wroe
245 1 0 _aProtestantis'm hour of decision / Justin Wroe Nixon
260 _aPhiladelphia, PA., USA : Judson
300 _a154 Pag
001 8759
942 _cBK
999 _c38879
_d38879
336 _atexto
_btxt
_2rdacontent
337 _2rdamedia
_asin mediación
_bn
338 _2rdacarrier
_avolumen
_bnc